000
00345nam a22001577a 4500
020
_a
3824802158
041
_a
ENG
100
_a
Patel.R.C
245
_a
Elements of Heat Engines Vol 1
250
_a
Eighteenth ed
260
_a
Vadodara
_b
Acharya PUB
_c
1997
300
_a
417
650
_a
FMP
700
_a
Karamchandani. C.J
856
_u
EOES
999
_c
246
_d
246